Normal view
MARC view
- البيع- التجارة- الاخلاق التجارية- الفقه الاسلامي
Entry Topical Term
001 - CONTROL NUMBER
- control field: 30581
003 - CONTROL NUMBER IDENTIFIER
- control field: JO-AjAnu
005 - DATE AND TIME OF LATEST TRANSACTION
- control field: 20230606075146.0
008 - FIXED-LENGTH DATA ELEMENTS
- fixed length control field: 230606|| aca||aabn | a|a d
040 ## - CATALOGING SOURCE
- Original cataloging agency: JO-AjAnu
- Transcribing agency: JO-AjAnu
150 ## - HEADING--TOPICAL TERM
- Topical term or geographic name entry element: البيع- التجارة- الاخلاق التجارية- الفقه الاسلامي
670 ## - SOURCE DATA FOUND
- Source citation: Work cat.: (JO-AjAnu)15707: عفانه، حسام الدين بن موسى, author 30580, فقه التاجر المسلم وآدابه